Central Library OPAC University of Rajshahi

Introducing the GDR. (Record no. 25154)

MARC details
000 -LEADER
fixed length control field 00632cam a2200241 4500
001 - CONTROL NUMBER
control field 25154
003 - CONTROL NUMBER IDENTIFIER
rucl marc code BD-RjUL
005 - DATE AND TIME OF LATEST TRANSACTION
control field 20211209050835.0
008 - FIXED-LENGTH DATA ELEMENTS--GENERAL INFORMATION
fixed length control field 140316s1973 ge a 000 0 eng
035 ## - SYSTEM CONTROL NUMBER
System control number (BD-RjUL)25223
040 ## - CATALOGING SOURCE
Original cataloging agency DLC
Transcribing agency DLC
Modifying agency DLC
Language of cataloging eng
041 ## - LANGUAGE CODE
Language code of text/sound track or separate title eng
082 00 - DEWEY DECIMAL CLASSIFICATION NUMBER
Classification number 914.310387
Author mark and year INT 1973
245 00 - TITLE STATEMENT
Title Introducing the GDR.
250 ## - EDITION STATEMENT
Edition statement 4th.rev. ed.
260 ## - PUBLICATION, DISTRIBUTION, ETC. (IMPRINT)
Place of publication, distribution, etc. Dresden :
Name of publisher, distributor, etc. Verlag Zeit im Bild,
Date of publication, distribution, etc. 1973
300 ## - PHYSICAL DESCRIPTION
Pagination 79 p. :
Illustrations illus. ;
Size 19 cm.
500 ## - GENERAL NOTE
General note "Abridged and brought up to date."
651 #0 - SUBJECT ADDED ENTRY--GEOGRAPHIC NAME
Geographic name Germany (East)
9 (RLIN) 6530
942 ## - ADDED ENTRY ELEMENTS (KOHA)
Source of classification or shelving scheme Dewey Decimal Classification
Koha item type Books
Holdings
Lost status Source of classification or shelving scheme Damaged status Not for loan Collection code Permanent Location Current Location Shelving location Date acquired Source of acquisition Cost, normal purchase price Total Checkouts Full call number Date last seen Copy number Koha item type
  Dewey Decimal Classification   Added to bundle Non-fiction Central Library, University of Rajshahi Central Library, University of Rajshahi Reading Room 21/10/1990 Shawkat Osman 0.00   914.310387 INT 1973 16/03/2014 C-1 Books